000 00543ntaaa2200181 4500
003 01
005 20251027201733.0
008 0714s1973 ag 01
040 _aAR-BaBN
_bspa
_cAR-BaBN
_eaacr
_dRIC
082 _a238.4200 As5c
100 _aAsociación cultural de estudios de la literatura reformada
245 _aCreemos y confesamos
250 _a1 ed.
260 _aBarcelona :
_bAsociación Cultural de Estudios de la Literatura Reformada,
_c1973
300 _a60 p
650 _aconfesión de fe-iglesia reformada
_915951
942 _cBK
999 _c12070
_d12070